| Tag |
First Indicator |
Second Indicator |
Subfields |
| LEADER |
00000cam a2200000 a 4500 |
| 001 |
in00000091875 |
| 005 |
20151008064038.0 |
| 008 |
810818s1981 dcua b 10000 eng |
| 010 |
|
|
|a 80008885
|
| 020 |
|
|
|a 0801826349 (pbk.) :
|c $10.50
|
| 035 |
|
|
|a (OCoLC)07345746
|
| 035 |
|
|
|9 AAK3422AM
|
| 039 |
0 |
|
|a 2
|b 3
|c 3
|d 3
|e 3
|
| 040 |
|
|
|a DLC
|c DLC
|d TXA
|d UtOrBLW
|
| 043 |
|
|
|a n-us---
|
| 049 |
|
|
|a TXAM
|c [1672810]
|
| 050 |
0 |
0 |
|a HD9755
|b .I8
|
| 082 |
0 |
|
|a 382/.41498/0973
|2 19
|
| 245 |
0 |
0 |
|a Issues in U.S. international forest products trade :
|b proceedings of a workshop held in Washington, D.C. on March 6 and 7, 1980 /
|c Roger A. Sedjo, editor.
|
| 264 |
|
1 |
|a Washington, D.C. :
|b Resources for the Future ;
|c 1981.
|
| 264 |
|
2 |
|a Baltimore, Md. :
|b Distributed by Johns Hopkins University Press,
|
| 300 |
|
|
|a vii, 268 pages :
|b illustrations ;
|c 26 cm.
|
| 336 |
|
|
|a text
|b txt
|2 rdacontent
|
| 337 |
|
|
|a unmediated
|b n
|2 rdamedia
|
| 338 |
|
|
|a volume
|b nc
|2 rdacarrier
|
| 490 |
1 |
|
|a Research paper / Resources for the Future ;
|v R-23
|
| 500 |
|
|
|a Title on spine: U.S. international forest products trade.
|
| 504 |
|
|
|a Includes bibliographies.
|
| 650 |
|
0 |
|a Forest products
|x Economic aspects
|z United States
|x Congresses.
|
| 700 |
1 |
|
|a Sedjo, Roger A.
|
| 740 |
0 |
|
|a U.S. international forest products trade.
|
| 830 |
|
0 |
|a RFF research paper ;
|v R-23.
|
| 999 |
|
|
|a MARS
|
| 999 |
f |
f |
|s c8ba1a1c-80b4-3d23-bbdf-398ac7e68078
|i 6d4fd20c-2010-3e40-9086-eeaa1f47a1fe
|t 0
|
| 952 |
f |
f |
|p ric
|a Texas A&M University
|b Rellis Campus
|c Joint Library Facility
|d Remote Storage
|t 0
|e HD9755 .I8
|h Library of Congress classification
|i unmediated -- volume
|m A14806132268
|
| 998 |
f |
f |
|a HD9755 .I8
|t 0
|l Remote Storage
|